000 00392nam a2200133Ia 4500
008 191206s9999 xx 000 0 und d
020 _a9780199735600 (hardb
090 _aD135.H436
245 0 _aEmpires and barbarians: the fall of Rome and the birth of Europe
260 _aOxford University Press
260 _cc2010
300 _a"xvii, 734 p. : maps ; 25 cm."
999 _c15883
_d15883